000 00325nam a2200121Ia 4500
008 240624s9999 xx 000 0 und d
041 _aeng
082 _a346.066 PAT
100 _aPATHAK AKHILESHWAR
245 _aLEGAL ASPECTS OF BUSINESS
260 _c2005
_aNew Delhi
_bTata McGrawhill
300 _axviii, : 361 : p. : cm. ; 23
999 _c5080
_d5080